| 000 | 00874nam a2200229 a 4500 | ||
|---|---|---|---|
| 003 | MX-MxUPN | ||
| 005 | 20241001063857.0 | ||
| 008 | 991125s1917 sp a r 000 0 spa u | ||
| 035 | _aUPN01000028465 | ||
| 040 |
_aMX-MxUPN _bspa _cMX-MxUPN |
||
| 041 | 0 | _aspa | |
| 050 | 4 | _aD11 H57 | |
| 245 | 0 | 0 |
_aHistoria universal / _cbajo la dirección de Guillermo Oncken |
| 260 |
_aBarcelona, Esp. : _bMontaner y Simón, _c1917 |
||
| 300 |
_avolúmenes : _bilustraciones + _emapa plegable |
||
| 505 | _aContenido: v. 19. El renacimiento y los estudios de humanidades en Italia y en Alemania / L. Geiger -- La época de los descubrimientos geográficos / Sophus Ruge | ||
| 650 | 4 |
_aHistoria universal _95508 |
|
| 700 | 1 |
_aOncken, Guillermo _951439 |
|
| 710 | 2 |
_aInstituto Nacional de Pedagogía (México) _epropietario anterior _928088 |
|
| 904 |
_aAC _b028466 |
||
| 942 |
_2lcc _cLIBRO |
||
| 999 |
_c28465 _d28465 |
||